000 00684nam a22002177a 4500
003 UA-OsUOA
001 84428
007 ta
008 20120601b un ||||| |||| 00| 0 ukr d
100 _aЦимбалюк С.
090 _a330(477)
_bЦ61
942 _cSA
040 _aUA-OsUOA
_bfre
_cUA-OsUOA
_dUA-OsUOA
245 _aОплата праці працівників бюджетної сфери: проблеми та перспективи поліпшення
300 _aС.10-16
955 _a0
041 _afre
080 _a330(477)
773 0 _w84427
_tУкраїна: аспекти праці
_dК.
_d2012
_g3
650 7 _a330 Економіка взагалі
_2UDC
999 _c370742
_d370742